5HLuxD.jpg

KING HENRY VIII SENIOR AND PRIMARY SCHOOL LIBRARY OPAC

The giver / (Record no. 5207)

000 -LEADER
fixed length control field 02134cam a2200493Mi 4500
001 - CONTROL NUMBER
control field .b16067794
003 - CONTROL NUMBER IDENTIFIER
control field OCoLC
005 - DATE AND TIME OF LATEST TRANSACTION
control field 20250825140301.0
008 - FIXED-LENGTH DATA ELEMENTS--GENERAL INFORMATION
fixed length control field 190826s2019 maua e 6 000 1 eng d
020 ## - INTERNATIONAL STANDARD BOOK NUMBER
International Standard Book Number 9781328575487
Qualifying information (pbk.)
020 ## - INTERNATIONAL STANDARD BOOK NUMBER
International Standard Book Number 1328575489
Qualifying information (pbk.)
035 ## - SYSTEM CONTROL NUMBER
System control number (OCoLC)1119527549
040 ## - CATALOGING SOURCE
Original cataloging agency SzZUIDS
Language of cataloging eng
Description conventions rda
Transcribing agency CHVBK
Modifying agency OCLCO
-- TWWZU
-- KH8
042 ## - AUTHENTICATION CODE
Authentication code nbic
082 ## - DEWEY DECIMAL CLASSIFICATION NUMBER
Classification number FIC LOW
100 ## - MAIN ENTRY--PERSONAL NAME
Personal name Lowry, Lois,
Relator term author.
245 14 - TITLE STATEMENT
Title The giver /
Statement of responsibility, etc. adapted by P. Craig Russel ; illustrated by P. Craig Russel, Galen Showman, Scott Hampton ; colorist: Lovern Kindzierski ; Letterer: Rick Parker ; scanning, cleanup, and digital coordination: Wayne alan Harold.
246 14 - VARYING FORM OF TITLE
Title proper/short title Giver :
Remainder of title the graphic novel adaption of the newbery medal winner.
264 #1 - PRODUCTION, PUBLICATION, DISTRIBUTION, MANUFACTURE, AND COPYRIGHT NOTICE
Place of production, publication, distribution, manufacture Boston ;
-- New York :
Name of producer, publisher, distributor, manufacturer Houghton Mifflin Harcourt,
Date of production, publication, distribution, manufacture, or copyright notice [2019]
264 #4 - PRODUCTION, PUBLICATION, DISTRIBUTION, MANUFACTURE, AND COPYRIGHT NOTICE
Date of production, publication, distribution, manufacture, or copyright notice ©1993.
300 ## - PHYSICAL DESCRIPTION
Extent 176 pages, 7 unnumbered pages :
Other physical details illustrations (some color) ;
Dimensions 23 cm.
336 ## - CONTENT TYPE
Content type term text
Content type code txt
Source rdacontent.
336 ## - CONTENT TYPE
Content type term still image
Content type code sti
Source rdacontent.
337 ## - MEDIA TYPE
Media type term unmediated
Media type code n
Source rdamedia.
338 ## - CARRIER TYPE
Carrier type term volume
Carrier type code nc
Source rdacarrier.
520 ## - SUMMARY, ETC.
Summary, etc. Jonas' life assignment is as the Receiver of Memory, where he will apprentice the Giver and become a storehouse of all the things humanity left behind when it entered utopia: color, emotion, and even more complicated secrets.
586 ## - AWARDS NOTE
Awards note A Junior Library Guild selection.
650 #0 - SUBJECT ADDED ENTRY--TOPICAL TERM
Topical term or geographic name entry element Control (Psychology)
Form subdivision Comic books, strips, etc.
650 #0 - SUBJECT ADDED ENTRY--TOPICAL TERM
Topical term or geographic name entry element Social control
Form subdivision Comic books, strips, etc.
650 #0 - SUBJECT ADDED ENTRY--TOPICAL TERM
Topical term or geographic name entry element Ethics
Form subdivision Comic books, strips, etc.
650 #0 - SUBJECT ADDED ENTRY--TOPICAL TERM
Topical term or geographic name entry element Memory
Form subdivision Comic books, strips, etc.
650 #0 - SUBJECT ADDED ENTRY--TOPICAL TERM
Topical term or geographic name entry element Graphic novels.
650 #1 - SUBJECT ADDED ENTRY--TOPICAL TERM
Topical term or geographic name entry element Science fiction
Form subdivision Comic books, strips, etc
-- Fiction.
655 #0 - INDEX TERM--GENRE/FORM
Genre/form data or focus term Science fiction comic books, strips, etc.
655 #7 - INDEX TERM--GENRE/FORM
Genre/form data or focus term Science fiction.
Source of term gsafd.
655 #7 - INDEX TERM--GENRE/FORM
Genre/form data or focus term Graphic novels.
Source of term gsafd.
655 #7 - INDEX TERM--GENRE/FORM
Genre/form data or focus term Comics (Graphic works)
Source of term lcgft.
655 #7 - INDEX TERM--GENRE/FORM
Genre/form data or focus term Graphic novels.
Source of term lcgft.
700 1# - ADDED ENTRY--PERSONAL NAME
Personal name Showman, Galen,
Relator term illustrator.
700 1# - ADDED ENTRY--PERSONAL NAME
Personal name Hampton, Scott,
Relator term illustrator.
700 12 - ADDED ENTRY--PERSONAL NAME
Personal name Lowry, Lois
Dates associated with a name 1937-
Title of a work The giver.
800 ## - SERIES ADDED ENTRY--PERSONAL NAME
Personal name Russell, P. Craig
942 ## - ADDED ENTRY ELEMENTS (KOHA)
Source of classification or shelving scheme
Koha item type Graphic Novel
Holdings
Withdrawn status Lost status Source of classification or shelving scheme Damaged status Not for loan Collection code Permanent Location Current Location Shelving location Date acquired Full call number Barcode Date last seen Price effective from Koha item type
          Fiction KH8 Senior School Library KH8 Senior School Library Graphic Novel 2025-08-25 FIC LOW 3KHSL000102332 2025-08-25 2025-08-25 Graphic Novel

Powered By KH8 IT Dept